| 000 | 00588nam a2200181 i 4500 | ||
|---|---|---|---|
| 001 | 76116 | ||
| 003 | ES-MaACL | ||
| 005 | 20230906172725.0 | ||
| 007 | t| | ||
| 008 | 040929s1956 sp ||||1| spa d | ||
| 100 | 1 |
_aGreen, Morris. _959847 |
|
| 245 | 1 | 3 |
_aEl diagnóstico en Pediatría / _cMorris Green, Julius B. Richmond ; [versión española por f. Ruiz Torres]. |
| 260 |
_aMadrid : _bAlhambra, _c1956 ( _fArgüelles) |
||
| 300 |
_aXVI, 476 p. ; _c25 cm. |
||
| 700 | 1 |
_aRichmond, Julius B. _996964 |
|
| 700 | 1 |
_aRuiz Torres, Francisco. _9100938 |
|
| 852 |
_aES-MaACL _jC-10885 _bR.39071 |
||
| 999 |
_c76116 _d76116 |
||